Wormwood / (Record no. 1671)
[ view plain ]
| 000 -LEADER | |
|---|---|
| fixed length control field | 01289cim a2200313 a 4500 |
| 005 - DATE AND TIME OF LATEST TRANSACTION | |
| control field | 20231204082750.0 |
| 020 ## - INTERNATIONAL STANDARD BOOK NUMBER | |
| International Standard Book Number | 9780399242571 |
| 040 ## - CATALOGING SOURCE | |
| Original cataloging agency | CPP |
| Transcribing agency | CPP |
| Modifying agency | OCLCQ |
| -- | OCL |
| -- | IHI |
| -- | BAKER |
| -- | DLC |
| Language of cataloging | eng |
| 050 00 - LIBRARY OF CONGRESS CALL NUMBER | |
| Classification number | PZ7.T2134 |
| 082 ## - DEWEY DECIMAL CLASSIFICATION NUMBER | |
| Classification number | 823.92 |
| 100 1# - MAIN ENTRY--PERSONAL NAME | |
| Personal name | Taylor, G. P. |
| 245 10 - TITLE STATEMENT | |
| Title | Wormwood / |
| Statement of responsibility, etc. | G.P. Taylor |
| 250 ## - EDITION STATEMENT | |
| Edition statement | First American edition published in 2004 |
| 260 ## - PUBLICATION, DISTRIBUTION, ETC. | |
| Place of publication, distribution, etc. | New York : |
| Name of publisher, distributor, etc. | Penguin young Reader Group, |
| Date of publication, distribution, etc. | 2004 |
| 300 ## - PHYSICAL DESCRIPTION | |
| Extent | 259 pages : |
| Other physical details | illustrations, maps |
| Dimensions | 25 cm |
| 500 ## - GENERAL NOTE | |
| General note | An unabridged recording of the book read by Davina Porter. |
| 500 ## - GENERAL NOTE | |
| General note | Compact discs. |
| 505 ## - FORMATTED CONTENTS NOTE | |
| Formatted contents note | Z <br/> |
| 520 ## - SUMMARY, ETC. | |
| Summary, etc. | In 1756, as a deadly comet hurtles toward London, Dr. Sabian Blake and his fourteen-year-old housemaid, Agetta, struggle against dark forces that seek an ancient, powerful book in Blake's possession that would enable them to carry out an evil plan in which Agetta unknowingly plays a pivotal role. |
| 521 ## - TARGET AUDIENCE NOTE | |
| Target audience note | 920 <br/> |
| Source | Lexile <br/> |
| 521 ## - TARGET AUDIENCE NOTE | |
| Target audience note | Z <br/> |
| Source | Raz-Plus <br/> |
| 650 #0 - SUBJECT ADDED ENTRY--TOPICAL TERM | |
| Topical term or geographic name entry element | Supernatural |
| Form subdivision | Juvenile sound recordings. |
| 650 #0 - SUBJECT ADDED ENTRY--TOPICAL TERM | |
| Topical term or geographic name entry element | Comets |
| Form subdivision | Juvenile sound recordings. |
| 650 #0 - SUBJECT ADDED ENTRY--TOPICAL TERM | |
| Topical term or geographic name entry element | Cabala |
| Form subdivision | Juvenile sound recordings. |
| 650 #0 - SUBJECT ADDED ENTRY--TOPICAL TERM | |
| Topical term or geographic name entry element | Astronomy |
| Form subdivision | Juvenile sound recordings. |
| 906 ## - LOCAL DATA ELEMENT F, LDF (RLIN) | |
| a | 7 |
| b | cbc |
| c | copycat |
| d | 2 |
| e | ncip |
| f | 20 |
| g | y-genmusic |
| 942 ## - ADDED ENTRY ELEMENTS (KOHA) | |
| Source of classification or shelving scheme | Dewey Decimal Classification |
| Koha item type | Books |
| Suppress in OPAC | No |
| 999 ## - | |
| -- | 1671 |
| -- | 1671 |
| Withdrawn status | Lost status | Source of classification or shelving scheme | Damaged status | Not for loan | Collection | Home library | Current library | Shelving location | Date acquired | Total Checkouts | Full call number | Barcode | Date last seen | Price effective from | Koha item type |
|---|---|---|---|---|---|---|---|---|---|---|---|---|---|---|---|
| Dewey Decimal Classification | Juvenile Fiction | Footprints International School Library Network Toul Kork Campus | Footprints International School Library Network Toul Kork Campus | TTP Secondary Fiction Bookshelves | 09/14/2023 | TAY 823.92 PZ7.T2134 | FIS03180 | 09/14/2023 | 09/14/2023 | Books |
